| 000 | 00000nam##2200000za#4500 |
| 001 | 9.605737 |
| 003 | CaOODSP |
| 005 | 20210624212252 |
| 007 | cr ||||||||||| |
| 008 | 150406|1997||||xxc|||||o f|0| 0 fre|d |
| 040 | |aCaOODSP|bfre |
| 043 | |an-cn--- |
| 086 | 1 |aD83-5/97-1F-PDF |
| 110 | 1 |aCanada.|bProtection civile Canada. |
| 245 | 13|aLa base de données de PCC sur les désastres et ses caractéristiques : |h[ressource électronique]|bRapport de projet 97-1 / |
| 260 | |aOttawa - Ontario : |bProtection civile Canada |c1997. |
| 300 | |a33p.|bréférences, tableaux |
| 490 | 1 |aRapport de projet|v97-1 |
| 500 | |aLe numéro de catalogue et l'ISBN de l'édition imprimée apparaissent dans la version électronique. |
| 590 | |a13-15-Supp|b2013-06-24 |
| 720 | 1 |aTudor, Carol |
| 775 | 08|tEPC Electronic Disaster Database and its characteristics : |w(CaOODSP)9.576743 |
| 830 | #0|aRapport de projet ;|v97-1|w(CaOODSP)9.503512 |
| 856 | 40|ahttp://publications.gc.ca|qPDF|s133 Ko|uhttps://publications.gc.ca/collections/Collection/D83-5-97-1F.pdf|y97-1 |